[Event "Dundee & Angus Open"]
[Site "?"]
[Date "2014.10.10"]
[Round "1"]
[White "Jennings, Richard"]
[Black "Sanger, Mark"]
[Result "1/2-1/2"]
[WhiteElo "1820"]
[BlackElo "2046"]
[PlyCount "68"]
[EventDate "2014.??.??"]

1. c4 e5 2. g3 Nc6 3. Bg2 f5 4. d3 Nf6 5. Nc3 Bc5 6. e3 f4 7. exf4 d6 8. Nge2
O-O 9. O-O Qe8 10. Na4 exf4 11. Nxc5 f3 12. Bxf3 dxc5 13. Bg2 Bg4 14. f3 Bf5
15. Nf4 Nb4 16. Qb3 Rd8 17. Rd1 g5 18. Nd5 Nfxd5 19. cxd5 Qg6 20. Bf1 b6 21. g4
Bc8 22. d4 Nxd5 23. dxc5 Be6 24. Bc4 c6 25. cxb6 axb6 26. Qd3 Qf6 27. Rb1 b5
28. Bb3 Rd7 29. Qe4 Bf7 30. Qf5 Qxf5 31. gxf5 Bh5 32. Bxg5 Rxf5 33. h4 Rg7 34.
Kh2 Rxf3 1/2-1/2

[Event "Dundee & Angus Open"]
[Site "?"]
[Date "2014.10.10"]
[Round "1"]
[White "Wynarczyk, Raymond"]
[Black "Pannwitz, Kai"]
[Result "1/2-1/2"]
[WhiteElo "1953"]
[BlackElo "1738"]
[Annotator "Alastair Dawson"]
[PlyCount "62"]
[EventDate "2014.??.??"]

1. e4 c5 2. Nf3 d6 3. d4 cxd4 4. Nxd4 Nf6 5. Nc3 a6 6. Bc4 e6 7. Bb3 b5 8. Bg5
Be7 9. Qf3 Qc7 10. O-O-O Nbd7 11. Rhe1 h6 12. Bh4 g5 13. Bg3 b4 14. Na4 Bb7 15.
Kb1 Rc8 16. Qd3 Ne5 17. Bxe5 dxe5 18. Nf3 Qa5 19. c3 Bc6 20. Qc2 bxc3 21. Nxc3
Bb4 22. Nd2 Bb5 23. a4 Bc6 24. Nc4 Qc7 25. f3 Ke7 26. Re3 Nd7 27. Na2 Bc5 28.
Red3 Bd4 29. Nb4 Nc5 30. Nxe5 Nxd3 31. Nexc6+ (31. Nbxc6+ Kf6 32. Ng4+ Kg7 33.
Qxd3 Qxc6 34. Qxd4+ Kg8 35. Qf6 Qb6 36. Ne5 Rh7 37. Ba2 Qc7 38. Bb3 Qb6 39. Bc2
Qc7 40. Rd2 Qa5 41. Nc4 Qc7 42. Nd6 Rf8 43. Qc3 Qb6 44. Nc4 Qg1+ 45. Ka2 Qxh2
46. Qf6) 31... Kf6 1/2-1/2

[Event "Dundee & Angus Open"]
[Site "?"]
[Date "2014.10.10"]
[Round "1"]
[White "Swan (FM), Ian"]
[Black "Ridge, Michael"]
[Result "1-0"]
[WhiteElo "2197"]
[BlackElo "1881"]
[PlyCount "63"]
[EventDate "2014.??.??"]

1. e4 c5 2. Nf3 g6 3. d4 cxd4 4. Nxd4 Nc6 5. c4 Nf6 6. Nc3 d6 7. Nc2 Bg7 8. f3
O-O 9. Be3 Nd7 10. Qd2 a5 11. Be2 Nc5 12. O-O Be6 13. Rab1 f5 14. exf5 Bxf5 15.
Rbd1 Ne6 16. Rfe1 Bxc2 17. Qxc2 Ned4 18. Qe4 e5 19. Nb5 Kh8 20. Bf1 Rc8 21.
Nxd4 Nxd4 22. b3 Qc7 23. Bd3 Qc6 24. Bxd4 exd4 25. Qh4 Kg8 26. Re7 Qc5 27. Rxb7
Rce8 28. Re1 Rxe1+ 29. Qxe1 Qg5 30. Rb5 Qf4 31. Be4 d3 32. Rd5 1-0

[Event "Dundee & Angus Open"]
[Site "?"]
[Date "2014.10.10"]
[Round "1"]
[White "White, Stuart"]
[Black "Mitchell, Jeremy"]
[Result "1-0"]
[WhiteElo "2007"]
[BlackElo "1812"]
[PlyCount "62"]
[EventDate "2014.??.??"]

1. d4 d5 2. c4 c6 3. Nf3 Nf6 4. Nc3 dxc4 5. a4 Bf5 6. Ne5 Nbd7 7. Nxc4 Qc7 8.
g3 e5 9. dxe5 Nxe5 10. Bf4 Nfd7 11. Bg2 g5 12. Ne3 gxf4 13. Nxf5 fxg3 14. hxg3
O-O-O 15. a5 Nf6 16. Qc2 Bb4 17. a6 Qb6 18. axb7+ Kb8 19. O-O h5 20. Rac1 Nfg4
21. Qe4 a5 22. Qf4 Kxb7 23. Ne4 f6 24. Rfd1 Ng6 25. Ned6+ Bxd6 26. Nxd6+ Ka7
27. Qf5 Ne7 28. Qf3 Rhf8 29. Ne4 Qb5 30. Qc3 Rxd1+ 31. Rxd1 Nc8 1-0

[Event "Dundee & Angus Open"]
[Site "?"]
[Date "2014.10.10"]
[Round "1"]
[White "Doyle, Jim"]
[Black "Orr (IM), Mark"]
[Result "1/2-1/2"]
[WhiteElo "1883"]
[BlackElo "2215"]
[PlyCount "63"]
[EventDate "2014.??.??"]

1. d4 Nf6 2. c4 e6 3. Nc3 Bb4 4. e3 O-O 5. Bd3 d5 6. Nge2 b6 7. O-O Bb7 8. cxd5
exd5 9. Ng3 Re8 10. Bd2 Nbd7 11. Rc1 a6 12. a3 Bf8 13. b4 c5 14. bxc5 bxc5 15.
dxc5 Nxc5 16. Bb1 Rb8 17. Nce2 Ne6 18. Bb4 Bxb4 19. axb4 Qb6 20. Qd2 Bc8 21.
Qc2 Nf8 22. Nd4 Bd7 23. Qa2 Ra8 24. Qa5 Reb8 25. Nc2 h5 26. Rfd1 h4 27. Ne2 h3
28. Rd4 hxg2 29. Nf4 Ne6 30. Nxd5 Nxd5 31. Rxd5 Bc6 32. Re5 {illegible} 1/2-1/2

[Event "Dundee & Angus Open"]
[Site "?"]
[Date "2014.10.10"]
[Round "1"]
[White "Neave, George"]
[Black "James, Chris"]
[Result "1/2-1/2"]
[WhiteElo "2166"]
[BlackElo "1848"]
[PlyCount "98"]
[EventDate "2014.??.??"]

1. d4 d5 2. c4 e5 3. dxe5 d4 4. Nf3 Nc6 5. Nbd2 Nge7 6. Nb3 Nf5 7. a3 Be7 8. g3
g5 9. g4 Nh4 10. Nxh4 gxh4 11. Bg2 Nxe5 12. Qxd4 Qxd4 13. Nxd4 Nxc4 14. Nb5 Bd6
15. b3 Na5 16. Nxd6+ cxd6 17. Bf4 Rg8 18. Bxd6 Rxg4 19. Bf3 Rg6 20. Bc7 Nc6 21.
O-O-O Bd7 22. Kb2 Rc8 23. Bd6 Bf5 24. Rd2 Na5 25. Bb4 Nc6 26. Bc3 Ke7 27. Bd5
Be6 28. Be4 f5 29. Bf3 Rd8 30. Rhd1 Rxd2+ 31. Rxd2 Bd7 32. b4 b6 33. e3 Rd6 34.
Bd5 Be6 35. Bxc6 Rxc6 36. Rd4 Rc4 37. f4 Rxd4 38. Bxd4 Bd5 39. b5 Kd7 40. Be5
Kc8 41. Kc3 Kb7 42. Kd4 Be4 43. Bd6 h3 44. Kc4 h5 45. a4 Kc8 46. Kb4 Kb7 47. a5
bxa5+ 48. Kxa5 Bd5 49. Bc5 Be4 1/2-1/2

[Event "Dundee & Angus Open"]
[Site "?"]
[Date "2014.10.10"]
[Round "1"]
[White "Greet (IM), Andrew"]
[Black "Hogg, Stephen"]
[Result "1-0"]
[WhiteElo "2474"]
[BlackElo "1930"]
[PlyCount "73"]
[EventDate "2014.??.??"]

1. d4 Nf6 2. c4 e6 3. g3 d5 4. Nf3 Bb4+ 5. Bd2 Be7 6. Bg2 O-O 7. O-O c6 8. Qc2
b6 9. Rd1 Ba6 10. b3 Nbd7 11. a4 Rc8 12. Na3 Ne4 13. Be1 f5 14. b4 Bf6 15. Qb3
Bb7 16. Rac1 Qe8 17. cxd5 exd5 18. e3 Kh8 19. Nb1 a6 20. b5 axb5 21. axb5 c5
22. Nc3 c4 23. Qb2 Qh5 24. Ra1 Ra8 25. Ne2 Ndc5 26. Nf4 Qe8 27. Rxa8 Bxa8 28.
h4 g6 29. Qa3 Nb3 30. Ne5 Rg8 31. Qa7 Bxe5 32. dxe5 Qxe5 33. Ne2 Re8 34. Qxb6
Nbc5 35. Bxe4 Nxe4 36. f3 Qf6 37. Bc3 1-0

[Event "Dundee & Angus Open"]
[Site "?"]
[Date "2014.10.10"]
[Round "1"]
[White "Underwood, Jamie"]
[Black "Birkett, Richard"]
[Result "1/2-1/2"]
[WhiteElo "1568"]
[BlackElo "1934"]
[PlyCount "69"]
[EventDate "2014.??.??"]

1. c4 f5 2. g3 Nf6 3. Bg2 e5 4. Nc3 Be7 5. d3 Nc6 6. f4 d6 7. e4 O-O 8. Nge2
Qe8 9. Nd5 Bd8 10. Nec3 Nd4 11. O-O c6 12. Nxf6+ Bxf6 13. Be3 exf4 14. Bxf4 Be5
15. Qd2 Qh5 16. Rae1 fxe4 17. Bxe4 Bh3 18. Bg2 Bxg2 19. Kxg2 Rae8 20. Ne4 Bxf4
21. Rxf4 Nf3 22. Nf6+ Rxf6 23. Rxe8+ Qxe8 24. Rxf3 Rxf3 25. Kxf3 Qh5+ 26. Kg2
Qe5 27. Kf3 h6 28. b3 Qf5+ 29. Kg2 d5 30. Qe3 b6 31. Qe8+ Kh7 32. Qxc6 Qxd3 33.
Qxd5 Qe2+ 34. Kh3 Qxa2 35. Qe4+ 1/2-1/2

[Event "Dundee & Angus Open"]
[Site "?"]
[Date "2014.10.10"]
[Round "1"]
[White "McPheator, Gary"]
[Black "Hookham, Jamie"]
[Result "0-1"]
[WhiteElo "1741"]
[BlackElo "1978"]
[PlyCount "68"]
[EventDate "2014.??.??"]

1. e4 c5 2. Nc3 g6 3. g3 Bg7 4. Bg2 Nc6 5. d3 e6 6. Be3 Nd4 7. Nce2 Nxe2 8.
Nxe2 Bxb2 9. Rb1 Bg7 10. Bxc5 d6 11. Bb4 Ne7 12. h4 h5 13. O-O O-O 14. Bd2 Qc7
15. Qc1 Rb8 16. Be3 b5 17. c3 a5 18. Bd4 Ba6 19. Bxg7 Kxg7 20. Qd2 Rfc8 21. Bf3
Nc6 22. d4 b4 23. cxb4 axb4 24. Rfc1 Qb6 25. d5 Ne5 26. Bg2 Nd3 27. Rxc8 Qxf2+
28. Kh2 Rxc8 29. Rf1 Qc5 30. Qg5 Ne5 31. Rc1 Qf2 32. Qe7 Rxc1 33. Nf4 Ng4+ 34.
Kh3 Rh1+ 0-1

[Event "Dundee & Angus Open"]
[Site "?"]
[Date "2014.10.10"]
[Round "1"]
[White "Tsang, Sai Kong"]
[Black "Bremner, Adam"]
[Result "0-1"]
[WhiteElo "1846"]
[BlackElo "2157"]
[PlyCount "86"]
[EventDate "2014.??.??"]

1. e4 c5 2. Nf3 Nc6 3. g3 g6 4. Bg2 Bg7 5. O-O d6 6. d3 h5 7. c3 e5 8. Bg5 Qc7
9. Na3 Bg4 10. h3 Be6 11. d4 cxd4 12. cxd4 Nxd4 13. Nxd4 exd4 14. Nb5 Qb6 15.
Qd3 a6 16. Na3 Ne7 17. Bxe7 Kxe7 18. Rfd1 Rac8 19. Nc2 Qxb2 20. Nxd4 Qxd4 21.
Qxd4 Bxd4 22. Rxd4 Rc2 23. Rb4 b5 24. a4 Rc4 25. Rxc4 bxc4 26. Rc1 Rb8 27. Bf1
Rb4 28. a5 Kd7 29. f4 f5 30. exf5 gxf5 31. Be2 Bf7 32. Kf2 Kc6 33. Bd3 Rb5 34.
Bxc4 Rc5 35. Bxf7 Rxc1 36. Bxh5 Ra1 37. h4 Rxa5 38. Be8+ Kd5 39. Bf7+ Ke4 40.
h5 Rb5 41. Bc4 Rb2+ 42. Kg1 Kf3 43. h6 Kxg3 0-1

[Event "Dundee & Angus Open"]
[Site "?"]
[Date "2014.10.10"]
[Round "1"]
[White "Romilly, Peter"]
[Black "Sykes, Chris"]
[Result "1/2-1/2"]
[WhiteElo "2096"]
[BlackElo "1849"]
[PlyCount "77"]
[EventDate "2014.??.??"]

1. e4 c6 2. d4 d5 3. exd5 cxd5 4. c4 Nf6 5. Nc3 Nc6 6. Nf3 Bg4 7. cxd5 Nxd5 8.
Qb3 Bxf3 9. gxf3 e6 10. Qxb7 Nxd4 11. Bb5+ Nxb5 12. Qc6+ Ke7 13. Qxb5 Nxc3 14.
bxc3 Rb8 15. Qc5+ Ke8 16. Qxa7 Bd6 17. Qa4+ Qd7 18. Qd4 f6 19. Be3 Be5 20.
Qxd7+ Kxd7 21. Rd1+ Kc6 22. O-O Ra8 23. f4 Bc7 24. Rd2 Rhd8 25. Rfd1 Rxd2 26.
Rxd2 Ra4 27. Rb2 Bxf4 28. Bxf4 Rxf4 29. Rb4 g5 30. Kg2 Kc5 31. Rxf4 gxf4 32.
Kf3 e5 33. Ke4 h6 34. a4 h5 35. h4 Kc4 36. f3 Kc5 37. Kf5 Kc4 38. Ke4 Kc5 39.
Kf5 1/2-1/2

[Event "Dundee & Angus Open"]
[Site "?"]
[Date "2014.10.10"]
[Round "1"]
[White "Maxwell, Daniel"]
[Black "Dawson, Alastair"]
[Result "1-0"]
[WhiteElo "2081"]
[BlackElo "1817"]
[PlyCount "41"]
[EventDate "2014.??.??"]

1. c4 b6 2. d4 Bb7 3. Nf3 e6 4. g3 f5 5. Bg2 Nf6 6. O-O Be7 7. d5 exd5 8. Nd4
g6 9. cxd5 Qc8 10. Bh6 Na6 11. Nc3 Nc5 12. f3 Nxd5 13. Nxd5 Bxd5 14. Nxf5 Bf7
15. Qd4 Rg8 16. Nxe7 Kxe7 17. Bg5+ Kf8 18. Qf6 Ne6 19. Qe7+ Kg7 20. Bf6+ Kh6
21. Qxf7 1-0

[Event "Dundee & Angus Open"]
[Site "?"]
[Date "2014.10.10"]
[Round "1"]
[White "Parks, Joe"]
[Black "Findlay, David"]
[Result "0-1"]
[WhiteElo "1871"]
[BlackElo "2184"]
[PlyCount "30"]
[EventDate "2014.??.??"]

1. d4 c5 2. d5 e5 3. dxe6 fxe6 4. e4 d5 5. exd5 exd5 6. Nf3 Nf6 7. Bb5+ Nc6 8.
O-O Be7 9. Re1 O-O 10. Bg5 Bg4 11. Be2 Qd6 12. Nc3 Rad8 13. h3 Bh5 14. Nh4 Qe5
15. Qd2 Ne4 0-1

[Event "Dundee & Angus Open"]
[Site "?"]
[Date "2014.10.10"]
[Round "1"]
[White "Rubio Rodriguez, Luis"]
[Black "Lothian, Robert"]
[Result "0-1"]
[WhiteElo "1825"]
[BlackElo "2084"]
[PlyCount "36"]
[EventDate "2014.??.??"]

1. e4 c6 2. d4 d5 3. e5 Bf5 4. Nc3 e6 5. g4 Bg6 6. Nge2 f6 7. f4 fxe5 8. dxe5
Qh4+ 9. Ng3 Bb4 10. Bg2 Nh6 11. Bf3 Be4 12. Bxe4 dxe4 13. O-O Nxg4 14. Qe2 Nd7
15. Ncxe4 O-O 16. Ng5 Ndxe5 17. Nxe6 Rae8 18. Nxf8 Nf3+ 0-1

[Event "Dundee & Angus Open"]
[Site "?"]
[Date "2014.10.10"]
[Round "1"]
[White "Newton, Andrew"]
[Black "Milton, Carl"]
[Result "0-1"]
[WhiteElo "1936"]
[BlackElo "1634"]
[PlyCount "49"]
[EventDate "2014.??.??"]

1. e4 c5 2. Nf3 d6 3. d4 cxd4 4. Nxd4 Nf6 5. Nc3 g6 6. Be3 Bg7 7. f3 Nc6 8. Qd2
O-O 9. g4 Bd7 10. O-O-O Rb8 11. Bc4 b5 12. Bb3 Ne5 13. h4 a5 14. h5 g5 15. Bxg5
a4 16. Bh6 axb3 17. Qg5 Ne8 18. Bxg7 Nxg7 19. h6 Ng6 20. hxg7 Kxg7 21. Qh6+ Kf6
22. g5+ Ke5 23. Qh2+ Nf4 24. Nce2 bxa2 25. Qxf4# 0-1

[Event "Dundee & Angus Open"]
[Site "?"]
[Date "2014.10.11"]
[Round "1"]
[White "Hogg, Stephen"]
[Black "McPheator, Gary"]
[Result "1-0"]
[WhiteElo "1930"]
[BlackElo "1741"]
[Annotator "Alastair Dawson"]
[PlyCount "47"]
[EventDate "2014.??.??"]

1. Nf3 c5 2. b3 Nf6 3. Bb2 e6 4. e3 d5 5. d4 Nc6 6. Bd3 cxd4 7. exd4 Bd6 8.
Nbd2 O-O 9. O-O Nd7 10. a3 f6 11. c4 Qe8 12. Re1 Qf7 13. Qc2 g6 14. Rxe6 Qxe6
15. cxd5 Nxd4 16. Nxd4 Qf7 17. Ne6 Re8 18. Ne4 Bb8 19. Bb5 Be5 20. Bxe5 fxe5
21. Nd6 Qe7 22. Nxe8 Nb6 23. N6c7 Be6 (23... Bf5 24. d6 Qd8 25. Qc5 Nd7 26.
Bxd7 Bxd7 27. Qd5+ Kf8 28. Qxe5) 24. Nf6+ 1-0

[Event "Dundee & Angus Open"]
[Site "?"]
[Date "2014.11.11"]
[Round "2"]
[White "Milton, Carl"]
[Black "Tsang, Sai Kong"]
[Result "0-1"]
[WhiteElo "1634"]
[BlackElo "1846"]
[PlyCount "74"]
[EventDate "2014.??.??"]

1. d4 Nf6 2. c4 g6 3. Nc3 d5 4. cxd5 Nxd5 5. e4 Nxc3 6. bxc3 Bg7 7. Bc4 O-O 8.
Ne2 c5 9. O-O Qc7 10. Bf4 e5 11. Bxe5 Bxe5 12. dxe5 Qxe5 13. Qc2 Nc6 14. f4 Qg7
15. f5 Ne5 16. Bd5 Qh6 17. h3 Bd7 18. Rf2 Rad8 19. Nf4 g5 20. Nd3 Nxd3 21. Qxd3
Bc6 22. c4 Qf6 23. Rd1 Rfe8 24. Qa3 Rxe4 25. Qxc5 b6 26. Qa3 Rxc4 27. Rfd2 Rxd5
28. Rxd5 Bxd5 29. Rxd5 Rd4 30. Qf3 Kg7 31. Kh2 h6 32. Kh1 Rf4 33. Qd3 Qa1+ 34.
Kh2 Rf1 35. Rd7 Qe5+ 36. Qg3 Rh1+ 37. Kxh1 Qxg3 0-1

[Event "Dundee & Angus Open"]
[Site "?"]
[Date "2014.10.11"]
[Round "2"]
[White "Mitchell, Jeremy"]
[Black "Parks, Joe"]
[Result "1/2-1/2"]
[WhiteElo "1812"]
[BlackElo "1871"]
[PlyCount "48"]
[EventDate "2014.??.??"]

1. e4 d5 2. exd5 Qxd5 3. Nf3 Bg4 4. d4 Nc6 5. Be2 O-O-O 6. c4 Qd7 7. d5 Bxf3 8.
Bxf3 Ne5 9. Be2 e6 10. Nc3 Nf6 11. O-O exd5 12. cxd5 Nxd5 13. Qb3 Nxc3 14. Qxc3
Bd6 15. Be3 Kb8 16. Qd4 Nc6 17. Qa4 f5 18. Bb5 a6 19. Bxa6 bxa6 20. Qxa6 f4 21.
Rac1 fxe3 22. Qb5+ Kc8 23. Qa6+ Kb8 24. Qb5+ Kc8 1/2-1/2

[Event "Dundee & Angus Open"]
[Site "?"]
[Date "2014.10.11"]
[Round "2"]
[White "Maxwell, Daniel"]
[Black "Greet (IM), Andrew"]
[Result "0-1"]
[WhiteElo "2081"]
[BlackElo "2474"]
[PlyCount "58"]
[EventDate "2014.??.??"]

1. d4 Nf6 2. c4 e6 3. Nc3 Bb4 4. e3 O-O 5. Bd3 d5 6. cxd5 exd5 7. Nge2 Re8 8.
O-O Bd6 9. f3 c5 10. g4 Nc6 11. Rf2 Be6 12. Rg2 g6 13. Kh1 Bf8 14. Bd2 Bg7 15.
Be1 a6 16. dxc5 Nd7 17. Na4 Qe7 18. Rc1 Nde5 19. Nd4 Nxd4 20. exd4 Nc6 21. Bf2
Qf6 22. Nb6 Rad8 23. Bf1 Nxd4 24. g5 Qf5 25. Bg3 Qxg5 26. Bc7 Qh4 27. Bxd8 Rxd8
28. Qe1 Qf4 29. Rd1 Qxf3 0-1

[Event "Dundee & Angus Open"]
[Site "?"]
[Date "2014.10.11"]
[Round "2"]
[White "James, Chris"]
[Black "Romilly, Peter"]
[Result "1/2-1/2"]
[WhiteElo "1848"]
[BlackElo "2096"]
[PlyCount "55"]
[EventDate "2014.??.??"]

1. e4 e5 2. Nc3 Nf6 3. f4 d5 4. fxe5 Nxe4 5. Qf3 Nxc3 6. bxc3 Be7 7. d4 O-O 8.
Bd3 c5 9. Ne2 c4 10. Bf5 Bxf5 11. Qxf5 Qd7 12. Qxd7 Nxd7 13. Rb1 Nb6 14. Nf4
Rfd8 15. O-O Rd7 16. Bd2 Bg5 17. Rf2 Bxf4 18. Rxf4 Re8 19. Rff1 Re6 20. Rb4 Nc8
21. Rfb1 b6 22. a4 a6 23. Rf1 h6 24. Rbb1 Ne7 25. Rbe1 Ng6 26. Bc1 Ne7 27. Ba3
Nc8 28. g3 1/2-1/2

[Event "Dundee & Angus Open"]
[Site "?"]
[Date "2014.10.11"]
[Round "2"]
[White "Sanger, Mark"]
[Black "Robinson, Stephen"]
[Result "1-0"]
[WhiteElo "2046"]
[BlackElo "1843"]
[PlyCount "115"]
[EventDate "2014.??.??"]

1. e4 e6 2. d4 d5 3. Nd2 Nf6 4. e5 Nfd7 5. Bd3 c5 6. c3 Nc6 7. Ne2 cxd4 8. cxd4
f6 9. Nf4 Nxd4 10. Qh5+ Ke7 11. Ng6+ hxg6 12. exf6+ Nxf6 13. Qxh8 Kf7 14. Qh4
e5 15. Nf3 Bb4+ 16. Kf1 Nxf3 17. gxf3 Qb6 18. Bg5 e4 19. fxe4 Qd4 20. Rd1 Nxe4
21. Bxe4 Qxd1+ 22. Kg2 Qg4+ 23. Qxg4 Bxg4 24. Bxd5+ Be6 25. Bxe6+ Kxe6 26. a3
Kf5 27. Be3 Bd6 28. Rd1 Be5 29. h3 g5 30. Rd7 b6 31. Rf7+ Kg6 32. Rd7 Bf6 33.
a4 Kf5 34. b4 Ke6 35. Rb7 Kd5 36. Rc7 Kd6 37. Rc4 Re8 38. Rg4 Re5 39. h4 Rxe3
40. fxe3 gxh4 41. Rc4 Kd5 42. Rc7 a5 43. b5 Ke4 44. Rb7 Bd8 45. Rd7 Bf6 46. Rd6
Kxe3 47. Rxb6 Bd4 48. Rg6 Kf4 49. b6 Kf5 50. Rd6 Be3 51. b7 Ba7 52. Rd5+ Kg4
53. Rxa5 h3+ 54. Kh1 Bb8 55. Ra8 Be5 56. b8=Q Bxb8 57. Rxb8 g5 58. a5 1-0

[Event "Dundee & Angus Open"]
[Site "?"]
[Date "2014.10.11"]
[Round "2"]
[White "Hookham, Jamie"]
[Black "Swan (FM), Ian"]
[Result "0-1"]
[WhiteElo "1978"]
[BlackElo "2197"]
[PlyCount "56"]
[EventDate "2014.??.??"]

1. e4 e6 2. d4 d5 3. Nd2 c5 4. exd5 Qxd5 5. Ngf3 cxd4 6. Bc4 Qd6 7. O-O Nf6 8.
Nb3 Nc6 9. Nbxd4 Nxd4 10. Nxd4 a6 11. c3 Bd7 12. Qf3 Qc7 13. Bb3 Bd6 14. h3 h6
15. a4 O-O-O 16. a5 Kb8 17. Be3 Rhf8 18. Bxh6 gxh6 19. Qxf6 Bh2+ 20. Kh1 Be5
21. Qh4 Rg8 22. Ba4 Bxd4 23. Bxd7 Ba7 24. Ba4 Rg5 25. Bd1 Ka8 26. Bf3 Bb8 27.
g3 Rd2 28. Qxh6 Rxg3 0-1

[Event "Dundee & Angus Open"]
[Site "?"]
[Date "2014.10.11"]
[Round "2"]
[White "Findlay, David"]
[Black "White, Stuart"]
[Result "1-0"]
[WhiteElo "2184"]
[BlackElo "2007"]
[PlyCount "69"]
[EventDate "2014.??.??"]

1. e4 e6 2. d4 d5 3. Nc3 Bb4 4. e5 c5 5. Qg4 Ne7 6. dxc5 Nbc6 7. Bd2 Bxc5 8.
Nf3 Nf5 9. Bd3 h5 10. Qf4 a6 11. O-O Nce7 12. h3 Ng6 13. Qh2 b5 14. Rad1 Bb7
15. Bxf5 exf5 16. Bg5 f6 17. exf6 gxf6 18. Rfe1+ Kf7 19. Bxf6 Kxf6 20. Qg3 Qd6
21. Qg5+ Kg7 22. Nh4 Qf6 23. Nxf5+ Kf7 24. Qg3 Qxf5 25. Qc7+ Ne7 26. Qxc5 Qd7
27. Ne4 Rad8 28. Ng5+ Ke8 29. Re6 Rc8 30. Qd4 Rg8 31. Rde1 Rc7 32. Nh7 Rf8 33.
Nxf8 Kxf8 34. Qf6+ Kg8 35. Rxe7 1-0

[Event "Dundee & Angus Open"]
[Site "?"]
[Date "2014.10.11"]
[Round "2"]
[White "Pannwitz, Kai"]
[Black "Neave, George"]
[Result "0-1"]
[WhiteElo "1738"]
[BlackElo "2166"]
[PlyCount "86"]
[EventDate "2014.??.??"]

1. d4 Nf6 2. c4 c5 3. d5 e6 4. Nc3 exd5 5. cxd5 d6 6. Nf3 g6 7. Bf4 a6 8. a4
Bg7 9. h3 O-O 10. e3 Re8 11. Nd2 Nbd7 12. Be2 Ne5 13. O-O Nfd7 14. Re1 f5 15.
Bh2 b6 16. Qc2 Bb7 17. Rab1 Rc8 18. Qb3 Qc7 19. Rec1 c4 20. Qa3 Qc5 21. b4 cxb3
22. Qxb3 Qa5 23. Nc4 Nxc4 24. Bxc4 Rxc4 25. Qxc4 Rc8 26. Qd3 Rxc3 27. Rxc3 Bxc3
28. Bxd6 Qxd5 29. Qxd5+ Bxd5 30. Rc1 Ba5 31. Rc7 Nf6 32. Be5 Ne8 33. Ra7 Bc6
34. Rxa6 Bxa4 35. Ra7 Bc6 36. Kh2 Bb4 37. Ra6 Bc5 38. Kg3 Kf7 39. Bd4 Bd7 40.
Kf4 Bd6+ 41. Be5 g5+ 42. Kxg5 Bxe5 43. Rxb6 Bf6+ 0-1

[Event "Dundee & Angus Open"]
[Site "?"]
[Date "2014.10.11"]
[Round "2"]
[White "Sykes, Chris"]
[Black "Wynarczyk, Raymond"]
[Result "0-1"]
[WhiteElo "1849"]
[BlackElo "1953"]
[PlyCount "104"]
[EventDate "2014.??.??"]

1. d4 d5 2. Bf4 Nf6 3. e3 Bg4 4. f3 Bf5 5. c4 e6 6. Qb3 b6 7. Nc3 Bd6 8. Bg5 c6
9. e4 h6 10. Bxf6 Qxf6 11. e5 Bxe5 12. dxe5 Qxe5+ 13. Nce2 Nd7 14. Qc3 dxc4 15.
Qxe5 Nxe5 16. Nd4 Bd3 17. f4 O-O-O 18. fxe5 Rxd4 19. Nf3 Rd5 20. Bxd3 Rxd3 21.
Rd1 Rhd8 22. Rxd3 Rxd3 23. Ke2 Rd5 24. Rd1 c5 25. b3 cxb3 26. axb3 Rxd1 27.
Kxd1 Kc7 28. Kd2 Kc6 29. Kc3 b5 30. b4 Kb6 31. h4 cxb4+ 32. Kxb4 a5+ 33. Kb3
Kc5 34. Ka3 Kd5 35. Kb3 f6 36. exf6 gxf6 37. g4 Ke4 38. g5 fxg5 39. hxg5 hxg5
40. Nxg5+ Kd5 41. Nf3 e5 42. Ng1 Kd4 43. Ne2+ Kd3 44. Nc1+ Kd2 45. Kb2 a4 46.
Na2 Kd3 47. Nc3 Kc4 48. Nd1 e4 49. Nc3 e3 50. Ne2 Kd3 51. Nf4+ Kd2 52. Ng2 b4
0-1

[Event "Dundee & Angus Open"]
[Site "?"]
[Date "2014.10.11"]
[Round "2"]
[White "Ridge, Mike"]
[Black "Dawson, Alastair"]
[Result "1/2-1/2"]
[WhiteElo "1881"]
[BlackElo "1817"]
[PlyCount "48"]
[EventDate "2014.??.??"]

1. e4 d6 2. Nc3 Nf6 3. f4 c5 4. Nf3 g6 5. Bc4 Bg7 6. O-O O-O 7. d3 Nc6 8. Qe1
Bg4 9. Qh4 Bxf3 10. Rxf3 Qd7 11. f5 Ne5 12. Rh3 e6 13. Bg5 Neg4 14. Rf1 exf5
15. exf5 d5 16. Bb5 Qc7 17. Rf4 h6 18. Rxg4 Nxg4 19. f6 Bxf6 20. Bxf6 Qf4 21.
Rf3 Qc1+ 22. Rf1 Qe3+ 23. Kh1 Nxf6 24. Qxf6 a6 1/2-1/2

[Event "Dundee & Angus Open"]
[Site "?"]
[Date "2014.10.11"]
[Round "2"]
[White "Bremner, Adam"]
[Black "Newton, Andrew"]
[Result "1-0"]
[WhiteElo "2157"]
[BlackElo "1936"]
[PlyCount "84"]
[EventDate "2014.??.??"]

1. d4 d5 2. c4 e6 3. Nf3 c5 4. cxd5 exd5 5. Nc3 Nc6 6. Bf4 Nf6 7. e3 c4 8. Be2
Bb4 9. Nd2 O-O 10. O-O Re8 11. Bg5 Bxc3 12. bxc3 h6 13. Bh4 g5 14. Bg3 Bf5 15.
h3 Qd7 16. Re1 Kg7 17. Qc1 Qe7 18. Bd1 Qd7 19. Bc2 h5 20. h4 gxh4 21. Bxh4 Bh3
22. Nf3 Ne4 23. Bxe4 Rxe4 24. Bg3 h4 25. Ng5 Bxg2 26. Kxg2 Rg4 27. Rh1 Rh8 28.
Nh3 hxg3 29. fxg3 Qf5 30. Qf1 Qe4+ 31. Qf3 Re8 32. Nf4 Rg5 33. Nh5+ Kf8 34.
Qxe4 Rxe4 35. Nf6 Rxg3+ 36. Kxg3 Rxe3+ 37. Kf4 Rxc3 38. Nxd5 Rd3 39. Rad1 Ra3
40. Rdg1 Ke8 41. Rg2 Nxd4 42. Ke4 Ne6 1-0

[Event "Dundee & Angus Open"]
[Site "?"]
[Date "2014.10.11"]
[Round "2"]
[White "Lothian, Robert"]
[Black "Durno (WFM), Joy"]
[Result "0-1"]
[WhiteElo "2084"]
[BlackElo "1732"]
[PlyCount "96"]
[EventDate "2014.??.??"]

1. d4 Nf6 2. c4 e6 3. Nf3 c5 4. e3 Be7 5. Nc3 b6 6. Bd3 Bb7 7. O-O cxd4 8. exd4
d5 9. cxd5 Nxd5 10. Re1 Nc6 11. a3 O-O 12. Bc2 Rc8 13. Qd3 g6 14. Bh6 Re8 15.
Bb3 Na5 16. Ba2 Nxc3 17. bxc3 Bd5 18. Ne5 Bxa2 19. Rxa2 Qc7 20. Qf3 f6 21. Ng4
f5 22. Qe3 Bd8 23. Ne5 Qxc3 24. Qxc3 Rxc3 25. Bd2 Rc8 26. Bxa5 bxa5 27. Nd7 Rc7
28. Nc5 Bf6 29. Kf1 Bxd4 30. Rxe6 Rxe6 31. Nxe6 Rc1+ 32. Ke2 Bb6 33. Nf4 Kf7
34. Nd3 Rb1 35. Rb2 Rxb2+ 36. Nxb2 Ke6 37. f3 Kd5 38. Kd3 g5 39. Nc4 h5 40. h3
h4 41. Nd2 a4 42. Nc4 Bc5 43. Nb2 Bxa3 44. Nxa4 Bb4 45. Nb2 a5 46. Nc4 Be1 47.
Ne3+ Ke5 48. Nc2 Bf2 0-1

[Event "Dundee & Angus Open"]
[Site "?"]
[Date "2014.10.11"]
[Round "2"]
[White "Bamber (WFM), Elaine"]
[Black "Doyle, Jim"]
[Result "1-0"]
[WhiteElo "2136"]
[BlackElo "1883"]
[PlyCount "82"]
[EventDate "2014.??.??"]

1. e4 c6 2. d4 d5 3. e5 Bf5 4. Nd2 e6 5. Nb3 Nd7 6. Nf3 Be7 7. Be2 h5 8. a4 g5
9. Be3 g4 10. Nfd2 Bg5 11. Nf1 Bxe3 12. Nxe3 Nh6 13. Nxf5 Nxf5 14. Qd2 Qe7 15.
Qc3 f6 16. h3 gxh3 17. Rxh3 O-O-O 18. Na5 Nb8 19. f4 fxe5 20. fxe5 Rdg8 21. b4
Rxg2 22. Bf1 Rg4 23. O-O-O Qg5+ 24. Kb2 Rg3 25. Rxg3 Qxg3 26. Rd3 Qg5 27. b5
Qe7 28. bxc6 b6 29. Nb7 Kc7 30. Bh3 Nxc6 31. Bxf5 Kxb7 32. Bh3 Na5 33. Qe1 Nc4+
34. Ka2 Rc8 35. Rb3 Na5 36. Qxa5 Rxc2+ 37. Ka1 Qh4 38. Qb4 Rc4 39. Qd2 Rxd4 40.
Qe3 Rxa4+ 41. Kb2 Re4 1-0

[Event "Dundee & Angus Open"]
[Site "?"]
[Date "2014.10.11"]
[Round "2"]
[White "Orr (IM), Mark"]
[Black "Jennings, Richard"]
[Result "0-1"]
[WhiteElo "2215"]
[BlackElo "1820"]
[PlyCount "79"]
[EventDate "2014.??.??"]

1. c4 Nf6 2. Nc3 e6 3. e4 d5 4. e5 Nfd7 5. cxd5 Nxe5 6. d4 Ng6 7. dxe6 Bxe6 8.
d5 Bd7 9. Qb3 Qe7+ 10. Be3 Qb4 11. Qxb4 Bxb4 12. Nf3 O-O 13. Bc4 b5 14. Be2 a6
15. a3 Be7 16. O-O Rd8 17. Rfd1 Be8 18. Rd2 Nd7 19. Rad1 Nf6 20. Nd4 Bc5 21.
Bg5 Ne7 22. Bxf6 gxf6 23. Ne4 Bxd4 24. Rxd4 Kg7 25. Ng3 f5 26. Nh5+ Kg6 27. d6
c5 28. R4d2 Nc6 29. d7 Nd4 30. Nf4+ Kg5 31. dxe8=Q Rxe8 32. g3 Rad8 33. h4+ Kf6
34. Kg2 Rd6 35. b4 Rc6 36. bxc5 Nxe2 37. Rxe2 Rxe2 38. Nxe2 Rxc5 39. Rd6+ Kg7
40. Rxa6 {flag} 0-1

-1/2